La rebelión estradista y el movimiento campesino, 1923-1924 /
Breve estudio sobre la rebelión encabezada por el militar y político zacatecano Enrique Estrada (1889-1942), quien fungía como jefe de operaciones en el estado de Jalisco, como parte del movimiento nacional liderado por Adolfo de la Huerta en contra de la decisión del presidente Alvaro Obregón de fa...
Gorde:
| Egile nagusia: | |
|---|---|
| Beste egile batzuk: | , |
| Formatua: | Liburua |
| Hizkuntza: | gaztelania |
| Argitaratua: |
México :
Centro de Estudios Históricos del Agrarismo en México,
1983, c1983
|
| Saila: | (CEHAM Investigadores ;
8) |
| Gaiak: | |
| Etiketak: |
Etiketarik gabe, Izan zaitez lehena erregistro honi etiketa jartzen!
|
MARC
| LEADER | 00000nam^a2200000^a^4500 | ||
|---|---|---|---|
| 001 | 000187624 | ||
| 005 | 20250521000000.0 | ||
| 009 | 20260310102310.362 | ||
| 020 | |a 968-58-0461-3 | ||
| 037 | |a Acervo ITESO - Biblioteca | ||
| 041 | |a ESP | ||
| 082 | |a 972. 0621 |b TAM | ||
| 100 | |a Tamayo, Jaime |e (autor) | ||
| 245 | 1 | 3 | |a La rebelión estradista y el movimiento campesino, 1923-1924 / |c J. Tamayo, L.P. Romero Miranda ; presen. de A. Tenorio Adame. |
| 264 | 4 | |a México : |b Centro de Estudios Históricos del Agrarismo en México, |c 1983, c1983 | |
| 300 | |a 128 p. | ||
| 336 | |a texto |b txt |2 rdacontenido | ||
| 337 | |a sin mediación |b n |2 rdamedio | ||
| 338 | |a volumen |b nc |2 rdasoporte | ||
| 440 | 1 | |a (CEHAM Investigadores ; |v 8) | |
| 520 | |a Breve estudio sobre la rebelión encabezada por el militar y político zacatecano Enrique Estrada (1889-1942), quien fungía como jefe de operaciones en el estado de Jalisco, como parte del movimiento nacional liderado por Adolfo de la Huerta en contra de la decisión del presidente Alvaro Obregón de favorecer a Plutarco Elías Calles como candidato a sucederle en el poder. | ||
| 649 | |a XX | ||
| 650 | |a Revolucionarios Mexicanos | ||
| 650 | |a Políticos Mexicanos | ||
| 650 | |a Militares Mexicanos | ||
| 650 | |a Agrarismo - |z Jalisco - |x Historia - |y Rebelión Delahuertista, 1923-1924 | ||
| 650 | |a Agrarismo - |z Jalisco - |x Historia - |y Régimen Obregonista, 1920-1924 | ||
| 650 | |a Agrarismo - |z Jalisco - |x Historia - |y Siglo XX | ||
| 650 | |a Agrarismo - |z México - |x Historia - |y Rebelión Delahuertista, 1923-1924 | ||
| 650 | |a Agrarismo - |z México - |x Historia - |y Régimen Obregonista, 1920-1924 | ||
| 650 | |a Agrarismo - |z México - |x Historia - |y Siglo XX | ||
| 650 | |a Política - |z Jalisco - |x Historia - |y Rebelión Delahuertista, 1923-1924 | ||
| 650 | |a Política - |z Jalisco - |x Historia - |y Régimen Obregonista, 1920-1924 | ||
| 650 | |a Política - |z Jalisco - |x Historia - |y Siglo XX | ||
| 650 | |a Política - |z México - |x Historia - |y Rebelión Delahuertista, 1923-1924 | ||
| 650 | |a Política - |z México - |x Historia - |y Régimen Obregonista, 1920-1924 | ||
| 650 | |a Política - |z México - |x Historia - |y Siglo XX | ||
| 650 | |a Jalisco - |x Historia - |y Rebelión Delahuertista, 1923-1924 | ||
| 650 | |a Jalisco - |x Historia - |y Régimen Obregonista, 1920-1924 | ||
| 650 | |a Jalisco - |x Historia - |y Siglo XX | ||
| 650 | |a México - |x Historia - |y Rebelión Delahuertista, 1923-1924 | ||
| 650 | |a México - |x Historia - |y Régimen Obregonista, 1920-1924 | ||
| 650 | |a México - |x Historia - |y Siglo XX | ||
| 650 | |a Estrada, Enrique | ||
| 700 | |a Romero Miranda, Laura Patricia |e (autor) | ||
| 700 | |a Tenorio Adame, Antonio |e (presentación) | ||
| 910 | |a Fondo General | ||
| 920 | |a Impresos - Libros | ||
| 930 | |a Colección General | ||
| 905 | |a 101 | ||
| 901 | |a 0500130003 |b IT1 |c ACC |u 20250521 | ||
| 902 | |a https://opac.biblio.iteso.mx/vufind/Record/000187624 | ||